<?xml version="1.0" encoding="UTF-8"?>
<record
    xmlns:xsi="http://www.w3.org/2001/XMLSchema-instance"
    xsi:schemaLocation="http://www.loc.gov/MARC21/slim http://www.loc.gov/standards/marcxml/schema/MARC21slim.xsd"
    xmlns="http://www.loc.gov/MARC21/slim">

  <leader>00841nam a2200181Ia 4500</leader>
  <controlfield tag="008">100921s9999    xx            000 0 und d</controlfield>
  <datafield tag="082" ind1=" " ind2=" ">
    <subfield code="b">43918</subfield>
    <subfield code="a">137 &#x928; 10</subfield>
  </datafield>
  <datafield tag="100" ind1=" " ind2=" ">
    <subfield code="a">&#x91C;&#x94B;&#x917;&#x933;&#x947;&#x915;&#x930; &#x92E;&#x93F;&#x932;&#x93F;&#x902;&#x926;.</subfield>
  </datafield>
  <datafield tag="245" ind1=" " ind2=" ">
    <subfield code="a">&#x935;&#x94D;&#x92F;&#x915;&#x94D;&#x924;&#x92E;&#x93F;&#x924;&#x94D;&#x935; &#x935;&#x93F;&#x915;&#x93E;&#x938;&#x93E;&#x915;&#x921;&#x942;&#x928; &#x92F;&#x936;&#x93E;&#x915;&#x921;&#x947;.....&#x91D;&#x947;&#x92A;.</subfield>
  </datafield>
  <datafield tag="260" ind1=" " ind2=" ">
    <subfield code="b">&#x928;&#x941;&#x924;&#x928; &#x92A;&#x94D;&#x930;&#x915;&#x93E;&#x936;&#x928;, &#x92A;&#x941;&#x923;&#x947;.</subfield>
    <subfield code="c">2010</subfield>
  </datafield>
  <datafield tag="300" ind1=" " ind2=" ">
    <subfield code="a">72</subfield>
    <subfield code="b">---</subfield>
  </datafield>
  <datafield tag="365" ind1=" " ind2=" ">
    <subfield code="b">75</subfield>
  </datafield>
  <datafield tag="520" ind1=" " ind2=" ">
    <subfield code="a">&#x924;&#x924;&#x94D;&#x935;&#x91C;&#x94D;&#x91E;&#x93E;&#x928;-&#x935;&#x94D;&#x92F;&#x915;&#x94D;&#x924;&#x92E;&#x93F;&#x924;&#x94D;&#x935;.</subfield>
  </datafield>
  <datafield tag="630" ind1=" " ind2=" ">
    <subfield code="a">&#x935;&#x94D;&#x92F;&#x915;&#x94D;&#x924;&#x92E;&#x93F;&#x924;&#x94D;&#x935; &#x935;&#x93F;&#x915;&#x93E;&#x938;&#x93E;&#x915;&#x921;&#x942;&#x928; &#x92F;&#x936;&#x93E;&#x915;&#x921;&#x947;.....&#x91D;&#x947;&#x92A;.</subfield>
  </datafield>
  <datafield tag="650" ind1=" " ind2=" ">
    <subfield code="a">&#x924;&#x924;&#x94D;&#x935;&#x91C;&#x94D;&#x91E;&#x93E;&#x928;-&#x935;&#x94D;&#x92F;&#x915;&#x94D;&#x924;&#x92E;&#x93F;&#x924;&#x94D;&#x935;.</subfield>
  </datafield>
  <datafield tag="730" ind1=" " ind2=" ">
    <subfield code="a">&#x935;&#x94D;&#x92F;&#x915;&#x94D;&#x924;&#x92E;&#x93F;&#x924;&#x94D;&#x935; &#x935;&#x93F;&#x915;&#x93E;&#x938;&#x93E;&#x915;&#x921;&#x942;&#x928; &#x92F;&#x936;&#x93E;&#x915;&#x921;&#x947;.....&#x91D;&#x947;&#x92A;.</subfield>
  </datafield>
  <datafield tag="942" ind1=" " ind2=" ">
    <subfield code="c">BOOK</subfield>
  </datafield>
  <datafield tag="999" ind1=" " ind2=" ">
    <subfield code="c">793031</subfield>
    <subfield code="d">793028</subfield>
  </datafield>
  <datafield tag="952" ind1=" " ind2=" ">
    <subfield code="0">0</subfield>
    <subfield code="1">0</subfield>
    <subfield code="4">0</subfield>
    <subfield code="7">0</subfield>
    <subfield code="a">WAITILAKGS</subfield>
    <subfield code="b">WAITILAKGS</subfield>
    <subfield code="c">137 &#x928; 10</subfield>
    <subfield code="d">0000-00-00</subfield>
    <subfield code="g">75.00</subfield>
    <subfield code="l">0</subfield>
    <subfield code="p">WAITILAKGS-43918</subfield>
    <subfield code="r">2010-09-21 00:00:00</subfield>
    <subfield code="w">2010-09-21</subfield>
    <subfield code="y">BOOK</subfield>
    <subfield code="z">&#x926;&#x947;&#x935;&#x918;&#x947;&#x935;</subfield>
  </datafield>
</record>
